000 00823nam a2200217 u 4500
001 000474214
003 AM-YeHGA
005 20250618072543.0
008 060210s2001 ||||||||||||||||||||arm d
040 _aAM-YeHGA
041 0 _aarm
100 1 _aՍտամբոլցյան, Ելենա Պարույրի,
_d1926-
_99568
245 1 0 _aՖթիզիատրիա ։ :
_bԲժշկական ձեռնարկ /
_cԵ.Պ. Ստամբոլցյան ; Խմբ.` Մ.Հովնանյան; Հայկական բժշկական ինստիտուտ .
260 _aԵրևան :
_bԱ. հ,
_c2001.
300 _a133 էջ.
650 1 4 _aՖթիզիատրիա
_vԴասագիրք
653 1 _aՏուբերկուլյոզ
700 1 _aՀովնանյան, Մ.
_eխմբ.՝
_4edt
710 2 _aՀայկական բժշկական ինստիտուտ
090 _c175148
999 _c173707
_d173707